000 00622nam a22001937a 4500
003 0
005 20250912141947.0
008 250912b xxu||||| |||| 00| 0 eng d
020 _a978-1-77407-806-8
050 _aQA 76.76.T48
_b.K38 2021
100 _aKaul, Neha,
_eauthor.
245 _aAnalytic methods of systems and software testing /
_cNeha Kaul.
260 _aCanada :
_bArcler Press,
_c2021.
300 _axviii, 302 pages :
_bcolored illustrations ;
_c24 cm.
504 _aIncludes bibliographical references and index.
650 _aComputer software
_xTesting.
650 _aSystem analysis.
942 _2lcc
_cBK
999 _c367924
_d367924